000 04463cam a22003498i 4500
999 _c79581
_d316858
001 21147467
003 MU
005 20211229011625.0
008 190809s2020 nju b 001 0 eng
020 _a9781119538110
_q(cloth)
040 _aDNLM/DLC
_beng
_erda
_cDLC
050 0 0 _aRK667.I45
060 1 0 _aWU 640
082 0 0 _a617.692
_bDCI
_223
100 1 _aDrago, Carl J.,
_eauthor.
_988967
245 1 0 _aImplant restorations :
_ba step-by-step guide /
_cCarl Drago.
250 _aFourth edition.
264 1 _aHoboken, NJ :
_bWiley-Blackwell
_c2020.
300 _apages cm
504 _aIncludes bibliographical references and index.
505 0 _aIntroduction to implant dentistry -- Implants and implant restorative components -- Diagnosis and treatment planning in implant restorative dentistry -- Treatment of edentulous mandibular patients : (1) Implant-retained framework overdenture and resilient attachments : (2) Resilient attachments and two inter-foraminal implants -- Replacement of single teeth with CADCAM implant restorations : implant level impressions : intra-oral scanning : cement and screw-retained crowns -- Fixed dental prostheses : re-treatment of a patient with a fractured implant-retained fixed partial denture in the posterior maxilla-CADCAM abutments and a new fixed partial denture (cement retained) : intra-oral scanning and screw-retained fixed dental prosthesis (ISUS) -- Accelerated treatment protocol of a patient with edentulous jaws and CADCAM titanium framework/fixed hybrid prostheses -- Treatment of edentulous patients with immediate occlusal loading : conventional surgical and computer-generated surgical guides -- Treatment of edentulous patients with immediate occlusal loading : conventional surgical/prosthetic protocols -- Treatment of partially edentulous patients with immediate non-occlusal loading protocols (intra-oral scanning, CADCAM abutment and definitive maxillary central incisor restoration : co-axis implant and restoration -- Computed tomography (CT) guided surgery/immediate occlusal loading with full arch prostheses in edentulous patients -- Guidelines and maintenance procedures for fixed, full-arch, implant-retained prostheses.
650 1 2 _aDental Implantation, Endosseous
_xmethods
_988968
650 2 2 _aDental Prosthesis
_xmethods
_988969
650 2 2 _aSurgery, Computer-Assisted
_988970
650 2 2 _aTomography, X-Ray Computed
_988971
650 2 2 _aComputer-Aided Design
_988972
942 _2ddc
_cBOOK
520 _a"The fourth edition of Implant Restorations: A Step-by-Step Guide provides a wealth of updated and expanded coverage on detailed procedures for restoring dental implants. Focusing on the most common treatment scenarios, it offers concise literature reviews for each chapter, easy-to-follow descriptions of the techniques, along with high-quality clinical photographs demonstrating each step. Comprehensive throughout, this practical guide begins with introductory information on incorporating implant restorative dentistry in clinical practice. It covers diagnosis and treatment planning and digital dentistry, and addresses advances in cone beam computerized tomography (CBCT), treatment planning software, computer generated surgical guides, rapid prototype printing and impression-less implant restorative treatments, intra-oral scanning, laser sintering, and printing/milling polymer materials. Record-keeping, patient compliance, hygiene regimes, and follow-up are also covered. Provides an accessible step-by-step guide to commonly encountered treatment scenarios, describing procedures and techniques in an easy-to-follow, highly illustrated format offers new chapters on diagnosis and treatment planning and digital dentistry covers advances in cone beam computerized tomography (CBCT), computer generated surgical guides, intra-oral scanning, laser sintering, and more An excellent and accessible guide on a burgeoning subject in modern dental practice by one of its most experienced clinicians, Implant Restorations: A Step-by-Step Guide, Fourth Edition will appeal to prosthodontists, general dentists, implant surgeons, dental students, dental assistants, hygienists, and dental laboratory technicians"--
776 0 8 _iOnline version:
_aDrago, Carl J.,
_tImplant restorations
_bFourth edition.
_dHoboken, NJ : Wiley-Blackwell, 2020
_z9781119538134
_w(DLC) 2019034998
906 _a7
_bcbc
_corignew
_d1
_eecip
_f20
_gy-gencatlg